<?xml version="1.0" encoding="UTF-8"?><?xml-stylesheet type="text/xsl" href="static/style.xsl"?><OAI-PMH xmlns="http://www.openarchives.org/OAI/2.0/" xmlns:xsi="http://www.w3.org/2001/XMLSchema-instance" xsi:schemaLocation="http://www.openarchives.org/OAI/2.0/ http://www.openarchives.org/OAI/2.0/OAI-PMH.xsd"><responseDate>2026-04-13T22:09:02Z</responseDate><request verb="GetRecord" identifier="oai:www.recercat.cat:2072/405112" metadataPrefix="marc">https://recercat.cat/oai/request</request><GetRecord><record><header><identifier>oai:recercat.cat:2072/405112</identifier><datestamp>2026-03-22T23:54:41Z</datestamp><setSpec>com_2072_98</setSpec><setSpec>col_2072_378192</setSpec></header><metadata><record xmlns="http://www.loc.gov/MARC21/slim" xmlns:dcterms="http://purl.org/dc/terms/" xmlns:xsi="http://www.w3.org/2001/XMLSchema-instance" xmlns:doc="http://www.lyncode.com/xoai" xsi:schemaLocation="http://www.loc.gov/MARC21/slim http://www.loc.gov/standards/marcxml/schema/MARC21slim.xsd">
   <leader>00925njm 22002777a 4500</leader>
   <datafield ind2=" " ind1=" " tag="042">
      <subfield code="a">dc</subfield>
   </datafield>
   <datafield ind2=" " ind1=" " tag="720">
      <subfield code="a">De Souza Lima Chernicharo, P.</subfield>
      <subfield code="e">author</subfield>
   </datafield>
   <datafield ind2=" " ind1=" " tag="720">
      <subfield code="a">Trivelato, S.</subfield>
      <subfield code="e">author</subfield>
   </datafield>
   <datafield ind2=" " ind1=" " tag="260">
      <subfield code="c">2009</subfield>
   </datafield>
   <datafield ind2=" " ind1=" " tag="520">
      <subfield code="a">Este trabalho apresenta o resultado de uma pesquisa feita em uma sala de aula de Biologia do primeiro ano do ensino médio, na Escola de Aplicação da USP, na qual os alunos estavam investigando a influência da luz no desenvolvimento dos vegetais. Seu objetivo é analisar os modos de comunicação utilizados em uma aula de discussão de dados entre professora e alunos. As aulas foram gravadas em K7 e VHS, transcritas e analisadas. Observamos a importância da especialização e cooperação entre os diferentes modos de comunicação para a formação de conceitos científicos entre os alunos e a professora, bem como a variedade de recursos semióticos utilizados com o mesmo fim.</subfield>
   </datafield>
   <datafield ind2="0" ind1="0" tag="245">
      <subfield code="a">Modos de comunicação em uma aula de Biologia do ensino médio</subfield>
   </datafield>
</record></metadata></record></GetRecord></OAI-PMH>